000 00645cam a2200169 4500
001 X107914
008 000000n2000 000 0 eng u
035 _a(Sirsi) u107914
245 _aEpping Forest and Philcox
260 _c2000
490 _aNew Property Cases
_v[2000] NPC (16/04/00)
520 _aQBD 13 April 2000. S191 of the T&CP 1990, as sustituted, forms a code complete in itself and is subject to no other general principles of law. HEADNOTE FROM JOURNAL - NOT TO BE PHOTOCOPIED.
650 _aEPPING FOREST AND PHILCOX
650 _aTOWN AND COUNTRY PLANNING ACT 1990
690 _aPlanning and development
_96259
942 _n0
999 _c64460
_d64460